000
00322pab a2200145 454500
008
180718b1983 xxu||||| |||| 00| 0 eng d
100
_a
Datta, Abhijit
245
_a
Delhi
260
_c
1983
300
_a
3-9
362
_a
Aug.
650
_a
Cities And Towns - Growth - India - Delhi
773
_a
Cities
909
_a
5382
999
_c
5382
_d
5382